LEADER 00869nam a2200217 i 4500 001 000000065106 003 CaOOAMICUS 005 20220525090542.0 008 130726s1964 fr u000 u fre u 013 $a36278 040 $aSeMil$bita 100 1 $aChenu, Marie-Dominique,$c.$0(OLS)http://semarc/name/89099 245 10$a1: La foi dans l'intelligence /$cM. D. Chenu. 300 $a414 p. 490 1 $aCogitatio Fidei ;$v10 773 0 $aChenu, Marie-Dominique $tParole de Dieu.$dParis : Les Éditions du Cerf, 1964.$kCogitatio Fidei $g1$w()28671 830 0$aCogitatio Fidei ;$v10.$0(OLS)http://semarc/title/206 850 $aSeMil 852 $aSeMil$W1$xVenegono$y1$m2BA N 10$j31259$B31259$CSeMilBibl$Z2$F31262 $81 996 $6245$a1: La foi dans l'intelligence$9(OLS)http://semarc/title/103282 LEADER 01086nam a2200241 i 4500 001 000000117034 003 CaOOAMICUS 005 20091210000000.0 008 091210s1966 it u000 u ita u 013 $a89723 040 $aSeMil$bita 245 13$aLa Chiesa e il mondo dopo il Vaticano 2. :$bconferenza del card. Giacomo Lercaro letta a Vicenza il 22 gennaio 1966. 260 $aVicenza :$bFavero,$cstampa 1966. 300 $a61 p. ;$c17 cm. 500 $aFondo Card. C.M. Martini. 650 4$aConcilio Vaticano II <1962-1965> - Influssi.$0(OLS)http://semarc/subject/4480 700 1 $aLercaro, Giacomo,$c.$0(OLS)http://semarc/name/4774 850 $aSeMil 852 $aSeMil$W1$xVenegono$y1$m2F II 52$j72434$B72434$CSeMilBibl$Z2$F90089 $81 941 1 $a4 961 $aOmaggio: Martini Card. Carlo Maria 996 $6245$aLa Chiesa e il mondo dopo il Vaticano 2. :$bconferenza del card. Giacomo Lercaro letta a Vicenza il 22 gennaio 1966$9(OLS)http://semarc/title/171732 996 $6260$aVicenza :$bFavero$9(OLS)http://semarc/publisher/32781